000 01255nam a2200313Ia 4500
008 130821s2011 sp gr spa
020 _a9788490041260
040 _aCo-BoUCM
_bspa
041 0 0 _aspa
245 0 0 _aConciliación de la vida familiar y laboral y corresponsabilidad entre los sexos
_cMaría Amparo Ballester Pastor...[y otros autores] ; Jaime Cabeza Pereiro, Belén Fernández Docampo, directores.
260 _aValencia (España)
_bTirant lo Blanch
_c2011
300 _a422 páginas
490 0 _aTirant Monografías
_v747
504 _aIncluye bibliografía.
650 0 4 _aConciliación
_xDerecho de familia
_911459
650 0 4 _aConciliación
_xDerecho laboral
_911459
650 0 4 _aDerecho de familia
_912734
650 0 4 _aDerecho laboral
_912787
650 0 4 _aDerecho privado
_9437
700 1 _aBallester Pastor, María Amparo
_9160164
700 1 _aCabeza Pereiro, Jaime
_edirector.
_9160165
700 1 _aCamas Roda, Ferrán
_9160166
700 1 _aDocampo, Bélen Fernández
_edirector.
_9160167
700 1 _aLópez Roca, Cristina
_9160168
700 1 _aManeiro Vásquez, Cristina
_9160169
710 2 _aUniversidad de Vigo
_9160170
942 _cLIBRO
_a8
_e1
_mC744c
_2DEWEY
_h347.09
999 _c39632
_d39632